Library Banner

Woh kaise mile = وہ کیسے ملے ؟ / (Record no. 108724)

MARC details
000 -LEADER
fixed length control field 00414nam a22001457a 4500
005 - DATE AND TIME OF LATEST TRANSACTION
control field 20181105100846.0
008 - FIXED-LENGTH DATA ELEMENTS--GENERAL INFORMATION
fixed length control field 181105b ||||| |||| 00| 0 eng d
040 ## - CATALOGING SOURCE
Transcribing agency PK-LaUMT
082 ## - DEWEY DECIMAL CLASSIFICATION NUMBER
Classification number 297.4
Item number MIA-W
100 ## - MAIN ENTRY--PERSONAL NAME
Personal name Mian G. = میاں جی
245 ## - TITLE STATEMENT
Title Woh kaise mile = وہ کیسے ملے ؟ /
Statement of responsibility, etc Mian G. = میاں جی
260 ## - PUBLICATION, DISTRIBUTION, ETC. (IMPRINT)
Place of publication, distribution, etc Lahore :
Name of publisher, distributor, etc Nigarshat Publishers,
Date of publication, distribution, etc 2016
300 ## - PHYSICAL DESCRIPTION
Extent 248 p.
942 ## - ADDED ENTRY ELEMENTS (KOHA)
Koha item type Books
Holdings
Withdrawn status Lost status Damaged status Home library Current library Date acquired Full call number Barcode Date last seen Price effective from Koha item type
      UMT Main Campus UMT Main Campus 2018-11-05 297.4 MIA-W 124651 2023-07-03 2018-11-05 Books